Hidup bersaudara

Bibliographic Details
Format: Book
Published: Kuala Lumpur : Penerbitan Fargoes Sdn. Bhd. , 1995
Series:Siri pengajaran ummah: siri petama
Subjects:

MARC

LEADER 00000cam a2200000 7i4500
001 0000071807
005 20220105105420.0
008 170329
020 |a 9679274659 
090 0 0 |a REG   |b MAL 
245 0 0 |a Hidup bersaudara   |c disusun oleh Aisyah Nabilah 
260 |a Kuala Lumpur :   |b Penerbitan Fargoes Sdn. Bhd. ,   |c 1995 
300 |a 48pg. :   |b ill. 
490 1 |a Siri pengajaran ummah: siri petama 
500 |a Children ages 7-9 years old (orange) 
650 0 |a Islamic stories, Malay 
650 0 |a Moral 
999 |a 0000767977   |b Book   |c Children Collection   |e Cawangan Bandar Penawar 
999 |a 0000767979   |b Book   |c Children Collection   |e Cawangan Bandar Penawar 
999 |a 0000776308   |b Book   |c Children Collection   |e Cawangan Pontian 
999 |a 0000776309   |b Book   |c Children Collection   |e Cawangan Pontian 
999 |a 0000776310   |b Book   |c Children Collection   |e Cawangan Pontian 
999 |a 0000776311   |b Book   |c Children Collection   |e Cawangan Pontian 
999 |a 0000776312   |b Book   |c Children Collection   |e Cawangan Pontian 
999 |a 0000781992   |b Book   |c Children Collection   |e Cawangan Mersing 
999 |a 0000781993   |b Book   |c Children Collection   |e Cawangan Mersing 
999 |a 0000789816   |b Book   |c Children Collection   |e Cawangan Segamat 
999 |a 0000789817   |b Book   |c Children Collection   |e Cawangan Segamat 
999 |a 0000789818   |b Book   |c Children Collection   |e Cawangan Segamat